000 00608nam a2200193 a 4500
001 001100873
003 AM-YeHGA
005 20250617151622.0
008 150915s1947 ||| r 000 0 rus d
040 _aAM-YeHGA
041 0 _arus
100 1 _aПопов, Николай
245 1 0 _aПутник :
_bПовесть о Грибоедове /
_cН. Попов.
260 _aЯрославль :
_bОГИЗ,
_c1947.
300 _a212 с. :
_bил.
600 1 4 _aГрибоедов, Александр Сергеевич
_d1795-1829
653 0 _aРусская литература
090 _c356816
999 _c354998
_d354998